Газовые струи в металлургии. [... за 1974-1977 гг. (Запись № 4803312)

Подробности
000 -МАРКЕР
контрольное поле 01398nam2a22002651 4500
001 - ИДЕНТИФИКАТОР ЗАПИСИ
контрольное поле rc\2247363
005 - ИДЕНТИФИКАТОР ВЕРСИИ
контрольное поле 20250623070104.0
035 ## - ДРУГИЕ СИСТЕМНЫЕ НОМЕРА
Идентификатор записи (NLR Aleph) 006651922
100 ## - ДАННЫЕ ОБЩЕЙ ОБРАБОТКИ
Данные общей обработки 20110829d1978 |||y0rusy50 ca
101 0# - ЯЗЫК РЕСУРСА
Язык текста, звукозаписи и т.д. русский
102 ## - СТРАНА ПУБЛИКАЦИИ ИЛИ ПРОИЗВОДСТВА
Страна публикации Российская Федерация
105 ## - ПОЛЕ КОДИРОВАННЫХ ДАННЫХ: ТЕКСТОВЫЕ МАТЕРИАЛЫ, МОНОГРАФИЧЕСКИЕ
Кодированные данные о монографическом текстовом документе y z |||||
200 0# - ЗАГЛАВИЕ И СВЕДЕНИЯ ОБ ОТВЕТСТВЕННОСТИ
Основное заглавие [... за 1974-1977 гг.
Первые сведения об ответственности Сост. В.Д. Осипова]
210 ## - ПУБЛИКАЦИЯ, РАСПРОСТРАНЕНИЕ И ДР.
Дата издания, распространения и т.д. 1978
Место издания, распространения и т.д. Б. м.
215 ## - ФИЗИЧЕСКАЯ ХАРАКТЕРИСТИКА
Специфическое обозначение материала и объем 42 с.
225 1# - СЕРИЯ
Наименование части ...
Обозначение тома 3979 П.
461 #0 - УРОВЕНЬ НАБОРА
Встроенное поле 001rc\2247362
-- 2001#$aГазовые струи в металлургии$e[Кн., журн. и пат. лит. на рус. и иностр. яз. ...]$fМ-во черной металлургии СССР. ЦНИИ информ. и техн.-экон. исслед. черной металлургии$v[... за 1974-1977 гг.
Системный номер (АБИС) связанной записи 4803307
Место публикации Москва
Дата публикации 1978
Первые сведения об ответственности М-во черной металлургии СССР. ЦНИИ информ. и техн.-экон. исслед. черной металлургии
Имя издателя, распространителя и т.д. Б. и.
Сведения, относящиеся к заглавию [Кн., журн. и пат. лит. на рус. и иностр. яз. ...]
Заглавие Газовые струи в металлургии
Номер тома [... за 1974-1977 гг.
702 #1 - ИМЯ ЛИЦА - ВТОРИЧНАЯ ОТВЕТСТВЕННОСТЬ
Код отношения Составитель
Графика поля Кириллица
Материалы, к которым относится поле rus
Начальный элемент ввода Осипова
Часть имени, кроме начального элемента ввода В. Д.
Дополнения к именам, кроме дат библиограф
Системный номер авторитетной/нормативной записи 261573
Идентификатор авторитетной/нормативной записи RU\NLR\AUTH\770261629
801 #0 - ИСТОЧНИК ЗАПИСИ
Страна Российская Федерация
Организация NLR
Правила каталогизации psbo
801 #1 - ИСТОЧНИК ЗАПИСИ
Страна Российская Федерация
Организация ELAR
Источник данных rusmarc
852 ## - МЕСТОНАХОЖДЕНИЕ И ШИФР ХРАНЕНИЯ
Идентификатор организации NLR
Шифр хранения (Call Number) С337-410/Г13
942 ## - ДОПОЛНИТЕЛЬНЫЕ ЭЛЕМЕНТЫ ЗАПИСИ (АБИС)
Тип экземпляра АБИС Книга
980 ## - КОЛЛЕКЦИЯ
Название коллекции Национальная библиография
Экземпляры
Тип экземпляра Дата поступления Библиотека постоянного хранения Библиотека текущего хранения Место хранения Шифр хранения Штрих-код Статус экземпляра
Книга 26.10.2013 РНБ (Московский) РНБ (Московский) Центральная справочная библиотека С337-410/Г13 1-3662931